Представление документа в формате RUSMARC

ПолеНазваниеЗначение
  Тип записи a
  Библиографический уровень m
001 Контрольный номер RU/SLIB/B/208701868
005 Дата корректировки 20241107163429.8
010 Индекс ISBN __
d Цена 2-60; 2-40
100 Данные общей обработки __
a Данные общей обработки 20211021d1990 m y0rusy028902 ca
101 Язык документа 0_
a Язык текста rus
c Язык оригинала rus
102 Страна публикации __
a Страна публикации RU
105 Кодированные данные (монография) __
a Кодированные данные (монография) a z 000ay
181 Поле кодированных данных: вид содержания _0
a Код вида содержания (ISBD) i
182 Поле кодированных данных: тип средства _0
a Код типа средства (ISBD) n
200 Заглавие и сведения об ответственности 1_
a Заглавие Последний Новик
e Сведения, относящиеся к заглавию роман
f Первые сведения об ответственности Лажечников И. И. ; худож. Д. Шимилис
b Общее обозначение материала Текст
210 Выходные данные 1_
a Место издания М.
c Издательство Худож. лит.
d Дата издания 1990
215 Физическое описание __
a Объем 512 с.
c Иллюстрации/тип воспроизводства ил.
600 Персоналии _1
a Персоналии (Фамилия) Петр
c Дополнение к имени царь русский; император российский
f Даты 1672-1725
600 Персоналии _1
a Персоналии (Фамилия) Петр Великий
606 Тематические рубрики __
a Основная рубрика Художественная литература
z Хронологическая подрубрика 19 в.
y Географическая подрубрика Россия
606 Тематические рубрики __
a Основная рубрика Русская литература XIX в. (произведения)
610 Ключевые слова 0_
a Ключевые слова персоналии; войны; история; исторические деятели; романы; исторические романы; тема войны
686 Индексы других классификаций __
2 Код системы rubbks
a Классификационный индекс 84(2=411.2)52-4
700 Автор _1
a Фамилия Лажечников
b Имя И. И.
g Полное личное имя Иван Иванович
4 Код отношения 070
702 Вторичная интеллектуальная ответственность _1
a Фамилия Шимилис
b Имя Д.
4 Код отношения Художник
4 Код отношения 040
801 Источник записи _0
a Страна RU
b Организация Муниципальное бюджетное учреждение культуры "Централизованная библиотечная система" г. Сургут (Центральная городская библиотека им. А. С. Пушкина)
g Правила каталогизации ОБ/Бутенко
801 Источник записи _1
a Страна RU
b Организация Муниципальное бюджетное учреждение культуры "Централизованная библиотечная система" г. Сургут (Центральная городская библиотека им. А. С. Пушкина)
g Правила каталогизации ОБ/Бутенко
852 Данные о местонахождении __
j Шифр хранения 84(2=411.2)52-4
c Каталожный индекс 84(2Рос=Рус)1-4
i Авторский знак Л 16
p Инвентарный номер 71694; 40267
901 Тип документа 1_
t Тип документа m
903 Характеристики (МАРС) __
a Дата передачи 19990505
990 Данные о заказе (DOS) 00
j Количество экземпляров (DOS) 1; 7
t N записи в КСУ для И/У (DOS) 199901; 199101